000 00956cam a22002651 4500
001 l 47000023
003 DLC
005 20260227111540.0
008 790514s1946 dcu b f000 0 eng c
010 _al 47000023
035 _a(OCoLC)4960982
040 _aU.S. Dept. of Labor. Libr.
_cWMUW
_dWMUW
_dDLC
050 0 0 _aHD8051
_b.A62 no. 869
082 _a331.825
100 1 _aZisman, Joseph,
_d1901-
245 1 0 _aWorkmen's compensation and the protection of seamen.
260 _aWashington,
_bU.S. Govt. Print. Off.,
_c1946.
300 _avii, 93 p.
_bincl. tables.
_c23 cm.
490 0 _aU.S. Bureau of Labor Statistics. Bulletin
_vno. 869
500 _aAt head of title: United States Dept. of Labor ... Bureau of Labor Statistics.
500 _a"Prepared by Joseph Zisman."--Letter of transmittal.
650 0 _aMerchant mariners
_zUnited States.
650 0 _aEmployers' liability
_zUnited States.
650 0 _aMaritime law
_zUnited States.
999 _c36563
_d36563